000
00265nam a22001217a 4500
008
181019b xxu||||| |||| 00| 0 eng d
041
_a
eng
080
_a
617
100
_a
6
101
_a
SHK
245
_a
Fractures and Joint Injuries
_c
Jones, W
942
_2
udc
_c
BK
999
_c
50299
_d
50299